000 00627nam a22002057a 4500
005 20170124105957.0
010 _aA-216217
020 _c00.00
_a0855001860
035 _aA-216217
037 _bCen Lib/Ret
040 _aDPL
_bEN
082 _a33.5
_bHUB
100 _aHubbard, Barbara Marx
_914934
245 _aThe evolutionary journey :
_cby Barbara Marx Hubbard
_ba personal guide to a positive future /
260 _aU K
_bTurnstone Press
_c1982
300 _axiv,177p. :
_c19cm(Hb)
_bill
650 _aSocial evolution
_914935
650 _aTwenty-first century
_914936
942 _2ddc
_cEN
_h33.5
_mHUB
999 _c125611
_d125611